Statistics for Niall Horan Songs

Click here to take the quiz!

General Stats

  • This quiz has been taken 149 times
    (147 since last reset)
  • The average score is 19 of 29

Answer Stats

Answer% Correct
This Town
92%
Slow Hands
91%
Flicker
88%
Heartbreak Weather
88%
Put A Little Love On Me
86%
Black And White
83%
Nice To Meet Ya
80%
Still
76%
No Judgement
74%
On The Loose
73%
Arms of a Stranger
66%
Seeing Blind
65%
Small Talk
65%
Too Much to Ask
65%
Everywhere
64%
Paper Houses
62%
Fire Away
61%
New Angel
61%
San Francisco
61%
The Tide
61%
Bend The Rules
60%
Dear Patience
58%
Mirrors
58%
You And Me
58%
Cross Your Mind
55%
On My Own
49%
Since We're Alone
45%
Finally Free
37%
So Long
21%

Score Distribution

Percentile by Number Answered

Percent of People with Each Score

Your Score History

You have not taken this quiz since the last reset